000
00327nam a2200133Ia 4500
008
240624s9999 xx 000 0 und d
041
_a
eng
082
_a
384.34 BRU
100
_a
BRUNTON FINN
245
_a
SPAM A SHADOW HISTORY OF THE INTERNET
260
_c
2013
_a
London
_b
The MIT Press
300
_a
270 p.
365
_c
_b
33
999
_c
32753
_d
32753